Discursos leídos ante la Real Academia Española, (Record no. 172202)
[ view plain ]
| 000 -LEADER | |
|---|---|
| campo de control de longitud fija | 01256nam a2200193 i 4500 |
| 001 - NÚMERO DE CONTROL | |
| campo de control | 172202 |
| 003 - IDENTIFICADOR DE NÚMERO DE CONTROL | |
| campo de control | ES-MaACL |
| 005 - FECHA Y HORA DE LA ÚLTIMA TRANSACCIÓN | |
| campo de control | 20230929062539.0 |
| 008 - DATOS DE LONGITUD FIJA--INFORMACIÓN GENERAL | |
| campo de control de longitud fija | 090617s19101918sp |||| | spa d |
| 080 ## - NÚMERO DE LA CLASIFICACIÓN DECIMAL UNIVERSAL | |
| Número de la Clasificación Decimal Universal | 821.134.2 |
| 080 ## - NÚMERO DE LA CLASIFICACIÓN DECIMAL UNIVERSAL | |
| Número de la Clasificación Decimal Universal | 811.134.2 |
| 110 2# - ENTRADA PRINCIPAL--NOMBRE DE ENTIDAD CORPORATIVA | |
| Nombre de entidad corporativa o nombre de jurisdicción como elemento de entrada | Real Academia Española |
| 9 (RLIN) | 6336 |
| 245 10 - MENCIÓN DEL TÍTULO | |
| Título | Discursos leídos ante la Real Academia Española, |
| Fechas extremas/inclusivas | 1910 / |
| Mención de responsabilidad, etc. | Real Academia Española. |
| 260 ## - PUBLICACIÓN, DISTRIBUCIÓN, ETC. | |
| Lugar de publicación, distribución, etc. | Madrid : |
| Nombre del editor, distribuidor, etc. | [s.n.], |
| Fecha de publicación, distribución, etc. | 1910 ( |
| Fabricante | Talleres del Depósito de la Guerra) |
| 300 ## - DESCRIPCIÓN FÍSICA | |
| Extensión | 1 v. ; |
| Dimensiones | 25 cm. |
| 505 8# - NOTA DE CONTENIDO CON FORMATO | |
| Nota de contenido con formato | Contiene: El preceptismo y la poesía en el teatro / Leopoldo Cano y Masas (24 p.). Contestación / Alejandro Pidal y Mon (p. 25-45). Importancia de las fuentes árabes para conocer el estado del vocabulario en las lenguas o dialectos españoles desde el siglo VIII al XII / Francisco Codera (83 p.). El Cancionero de Abencuzmán / Julián Rivera y Tarragó (69 p.). Discurso / Alejandro Pidal y Mon (p. 71-94). La personalidad literaria y política de D. Francisco Silvela / Andrés Mellado y Fernández (60 p.). Contestación / Alejandro Pidal y Mon (p. 70-107). Estética / Juan Armada y Losada (62 p.). Contestación / Antonio Maura y Montaner (p. 63-84). |
| 852 ## - LOCALIZACIÓN | |
| Ubicación | ES-MaACL |
| Número de control de estantería | K-153 |
| Nota libre | Enc. pasta española |
| Estatus retirado | Estado de pérdida | Estado de daño | No para préstamo | Biblioteca de origen | Biblioteca actual | Ubicación en estantería | Fecha de adquisición | Total de préstamos | Signatura topográfica completa | Código de barras | Visto por última vez | Precio de reemplazo | Tipo de ítem Koha |
|---|---|---|---|---|---|---|---|---|---|---|---|---|---|
| Biblioteca del Ateneo de Madrid | Biblioteca del Ateneo de Madrid | Administración | 17/06/2009 | K-153 | 1180712 | 23/02/2023 | 23/02/2023 | Libro impreso |
